[Event "SVK-chT2C 2223"]
[Site "Slovakia"]
[Date "2023.02.11"]
[Round "8.1"]
[White "Mede, Istvan"]
[Black "Milcova, Zuzana"]
[Result "1/2-1/2"]
[WhiteElo "2226"]
[BlackElo "2115"]
[PlyCount "68"]
[EventDate "2022.10.08"]
[EventType "team-tourn"]
[EventRounds "11"]
[EventCountry "SVK"]
[SourceTitle "EXT 2024"]
[Source "ChessBase"]
[SourceDate "2023.10.10"]
[SourceVersion "1"]
[SourceVersionDate "2023.10.10"]
[SourceQuality "1"]
[WhiteTeam "Vinica"]
[BlackTeam "Martin Medea"]
[WhiteTeamCountry "SVK"]
[BlackTeamCountry "SVK"]

1. e4 d5 2. exd5 Nf6 3. Bb5+ Bd7 4. Be2 Nxd5 5. d4 Bf5 6. Nf3 e6 7. 0-0 Be7 8. a3 0-0 9. c4 Nf6 10. Nc3 h6 11. h3 a5 12. Be3 Ne4 13. Qb3 Qc8 14. Rfd1 Nd7 15. Nxe4 Bxe4 16. Nd2 a4 17. Qc3 Bc6 18. Bf4 Bd6 19. Qg3 Bxf4 20. Qxf4 Ra5 21. Nf3 Rf5 22. Qe3 b6 23. Qd3 Re8 24. Qc2 Ra5 25. Rac1 Qa8 26. d5 exd5 27. cxd5 Rc5 28. Bc4 Bb7 29. Qf5 Nf6 30. Ne5 Bxd5 31. Nd7 Rxc4 32. Nxf6+ gxf6 33. Rxc4 Bxc4 34. Qg4+ Kf8 1/2-1/2

[Event "SVK-chT2C 2223"]
[Site "Slovakia"]
[Date "2023.01.15"]
[Round "7.1"]
[White "Milcova, Zuzana"]
[Black "Brnusak, Tomas"]
[Result "1/2-1/2"]
[WhiteElo "2115"]
[BlackElo "2151"]
[PlyCount "80"]
[EventDate "2022.10.08"]
[EventType "team-tourn"]
[EventRounds "11"]
[EventCountry "SVK"]
[SourceTitle "EXT 2024"]
[Source "ChessBase"]
[SourceDate "2023.10.10"]
[SourceVersion "1"]
[SourceVersionDate "2023.10.10"]
[SourceQuality "1"]
[WhiteTeam "Martin Medea"]
[BlackTeam "Liptov Chess School III"]
[WhiteTeamCountry "SVK"]
[BlackTeamCountry "SVK"]

1. e4 c5 2. c3 d5 3. exd5 Nf6 4. Nf3 Nxd5 5. d4 e6 6. Be2 Be7 7. 0-0 0-0 8. c4 Nf6 9. Nc3 cxd4 10. Nxd4 e5 11. Ndb5 Nc6 12. Nd5 Be6 13. Ndc7 Rc8 14. Nxe6 fxe6 15. Be3 Qa5 16. a3 Rfd8 17. Qe1 Qxe1 18. Rfxe1 a6 19. Na7 Nxa7 20. Bxa7 Nd7 21. Be3 e4 22. Bg4 Kf7 23. b3 Ne5 24. Bh5+ g6 25. Be2 Bf6 26. Rab1 Nd3 27. Red1 Be7 28. a4 Bc5 29. Bxd3 exd3 30. Bxc5 Rxc5 31. Rb2 b5 32. axb5 axb5 33. cxb5 Rc2 34. Rbb1 Kf6 35. Kf1 Ke5 36. b6 Kd4 37. Ra1 Kc3 38. b7 Rb8 39. Ra6 Rxb7 40. Rc6+ Kb2 1/2-1/2

[Event "SVK-chT2C 2122"]
[Site "Slovakia"]
[Date "2022.05.01"]
[Round "11.2"]
[White "Saga, Vladimir"]
[Black "Milcova, Zuzana"]
[Result "1/2-1/2"]
[WhiteElo "2027"]
[BlackElo "2106"]
[PlyCount "38"]
[EventDate "2021.10.16"]
[EventType "team-tourn"]
[EventRounds "11"]
[EventCountry "SVK"]
[SourceTitle "EXT 2023"]
[Source "ChessBase"]
[SourceDate "2022.10.05"]
[SourceVersion "1"]
[SourceVersionDate "2022.10.05"]
[SourceQuality "1"]
[WhiteTeam "Kysucke Nove Mesto"]
[BlackTeam "Martin Medea"]
[WhiteTeamCountry "SVK"]
[BlackTeamCountry "SVK"]

1. d4 d5 2. Nf3 c6 3. Bf4 Nf6 4. e3 Bf5 5. Bd3 Bxd3 6. Qxd3 e6 7. 0-0 Be7 8. Nbd2 Nbd7 9. h3 0-0 10. Ne5 a6 11. Bh2 c5 12. Nxd7 Qxd7 13. c3 c4 14. Qc2 b5 15. e4 Nxe4 16. Nxe4 dxe4 17. Qxe4 Bd6 18. Rfe1 Rad8 19. Be5 Bxe5 1/2-1/2

[Event "SVK-chT2C 2122"]
[Site "Slovakia"]
[Date "2022.03.27"]
[Round "9.2"]
[White "Demian, Milan"]
[Black "Milcova, Zuzana"]
[Result "1/2-1/2"]
[WhiteElo "1992"]
[BlackElo "2106"]
[PlyCount "31"]
[EventDate "2021.10.16"]
[EventType "team-tourn"]
[EventRounds "11"]
[EventCountry "SVK"]
[SourceTitle "EXT 2023"]
[Source "ChessBase"]
[SourceDate "2022.10.05"]
[SourceVersion "1"]
[SourceVersionDate "2022.10.05"]
[SourceQuality "1"]
[WhiteTeam "Detva"]
[BlackTeam "Martin Medea"]
[WhiteTeamCountry "SVK"]
[BlackTeamCountry "SVK"]

1. d4 d5 2. Nf3 Nf6 3. Bf4 c6 4. c3 Bf5 5. e3 h6 6. Bd3 Bxd3 7. Qxd3 Qb6 8. b3 e6 9. 0-0 Be7 10. Nbd2 Nbd7 11. Ne5 Nxe5 12. Bxe5 0-0 13. c4 Qd8 14. Rac1 Bb4 15. Bxf6 Qxf6 16. f4 1/2-1/2

[Event "SVK-chT2C 2122"]
[Site "Slovakia"]
[Date "2022.03.26"]
[Round "8.2"]
[White "Milcova, Zuzana"]
[Black "Szamos, Alexander"]
[Result "1-0"]
[WhiteElo "2106"]
[BlackElo "2118"]
[PlyCount "49"]
[EventDate "2021.10.16"]
[EventType "team-tourn"]
[EventRounds "11"]
[EventCountry "SVK"]
[SourceTitle "EXT 2023"]
[Source "ChessBase"]
[SourceDate "2022.10.05"]
[SourceVersion "1"]
[SourceVersionDate "2022.10.05"]
[SourceQuality "1"]
[WhiteTeam "Martin Medea"]
[BlackTeam "Filakovo"]
[WhiteTeamCountry "SVK"]
[BlackTeamCountry "SVK"]

1. c4 Nf6 2. d4 c6 3. Nc3 d5 4. cxd5 cxd5 5. Nf3 Nc6 6. h3 e6 7. e3 Bd6 8. Be2 Bd7 9. a3 0-0 10. 0-0 Rc8 11. Bd2 Ne4 12. Rc1 f5 13. Ne1 Qf6 14. Nd3 g5 15. Nxe4 fxe4 16. Nc5 Rc7 17. b4 Bc8 18. b5 Ne7 19. Bb4 Nf5 20. g4 Nh4 21. Nxe4 dxe4 22. Bxd6 Rcf7 23. Bxf8 Rxf8 24. Rc7 e5 25. Qc2 1-0

[Event "SVK-chT2C 2122"]
[Site "Slovakia"]
[Date "2022.03.05"]
[Round "5.2"]
[White "Vrchovsky, Viliam"]
[Black "Milcova, Zuzana"]
[Result "0-1"]
[WhiteElo "1886"]
[BlackElo "2106"]
[PlyCount "52"]
[EventDate "2021.10.16"]
[EventType "team-tourn"]
[EventRounds "11"]
[EventCountry "SVK"]
[SourceTitle "EXT 2023"]
[Source "ChessBase"]
[SourceDate "2022.10.05"]
[SourceVersion "1"]
[SourceVersionDate "2022.10.05"]
[SourceQuality "1"]
[WhiteTeam "Dunajov III"]
[BlackTeam "Martin Medea"]
[WhiteTeamCountry "SVK"]
[BlackTeamCountry "SVK"]

1. e4 d5 2. exd5 Nf6 3. Nf3 Nxd5 4. Be2 Bg4 5. d4 e6 6. 0-0 Be7 7. c4 Nb6 8. Nc3 0-0 9. h3 Bh5 10. Be3 Nc6 11. Qb3 Bxf3 12. Bxf3 Nxd4 13. Bxd4 Qxd4 14. Bxb7 Rab8 15. Ba6 c6 16. c5 Nd5 17. Qc2 Nb4 18. Qe2 Nxa6 19. Qxa6 Rxb2 20. Nd1 Rd2 21. Rc1 Bxc5 22. Qxc6 Bb6 23. a4 h6 24. Ne3 Rxf2 25. Rfe1 Ra2 26. Kh1 Qxa4 0-1

[Event "SVK-chT2C 1920"]
[Site "Slovakia"]
[Date "2020.02.15"]
[Round "8.3"]
[White "Milcova, Zuzana"]
[Black "Turkova, Karolina"]
[Result "1/2-1/2"]
[WhiteElo "2076"]
[BlackElo "1931"]
[PlyCount "64"]
[EventDate "2019.10.26"]
[EventType "team-tourn"]
[EventRounds "11"]
[EventCountry "SVK"]
[SourceTitle "CBM 195 Extra"]
[Source "ChessBase"]
[SourceDate "2020.05.31"]
[SourceVersion "1"]
[SourceVersionDate "2020.05.31"]
[SourceQuality "1"]
[WhiteTeam "Bziny"]
[BlackTeam "Liptov Chess School III"]
[WhiteTeamCountry "SVK"]
[BlackTeamCountry "SVK"]

1. e4 e5 2. Nf3 Nc6 3. d4 exd4 4. Nxd4 Bc5 5. Be3 Qf6 6. c3 Qg6 7. Nd2 Nf6 8. f3 d5 9. Qe2 dxe4 10. Nxc6 Bxe3 11. Qxe3 bxc6 12. Nxe4 0-0 13. Nxf6+ Qxf6 14. 0-0-0 Be6 15. c4 Rab8 16. Qd4 Qg5+ 17. f4 Qa5 18. a3 Bg4 19. Rd2 Rfe8 20. Bd3 h6 21. Qf2 Bf5 22. Rhd1 Bxd3 23. Rxd3 Qf5 24. g3 a5 25. Qc2 Qc5 26. Rd7 Qe3+ 27. Qd2 Qe6 28. Qd4 Qe2 29. Rd2 Qe1+ 30. Rd1 Qe2 31. Rd2 Qe1+ 32. Rd1 Qe2 1/2-1/2

[Event "SVK-chT2C 1920"]
[Site "Slovakia"]
[Date "2020.01.26"]
[Round "7.3"]
[White "Miciak, Maros"]
[Black "Milcova, Zuzana"]
[Result "0-1"]
[WhiteElo "2109"]
[BlackElo "2072"]
[PlyCount "166"]
[EventDate "2019.10.26"]
[EventType "team-tourn"]
[EventRounds "11"]
[EventCountry "SVK"]
[SourceTitle "CBM 194 Extra"]
[Source "ChessBase"]
[SourceDate "2020.03.31"]
[SourceVersion "1"]
[SourceVersionDate "2020.03.31"]
[SourceQuality "1"]
[WhiteTeam "Zilina Mladost III"]
[BlackTeam "Bziny"]
[WhiteTeamCountry "SVK"]
[BlackTeamCountry "SVK"]

1. e4 d5 2. exd5 Nf6 3. Nc3 Nxd5 4. Bc4 Nb6 5. Bb3 Nc6 6. d3 Bf5 7. Be3 e6 8. Nge2 Be7 9. Ng3 Bg6 10. 0-0 0-0 11. f4 Na5 12. Qf3 Qd7 13. Rae1 Nxb3 14. axb3 c6 15. Qf2 Nd5 16. Nxd5 Qxd5 17. Bxa7 Bf6 18. Bc5 Rfd8 19. Bb6 Rd7 20. Qe2 h6 21. Ra1 Bd4+ 22. Bxd4 Qxd4+ 23. Qf2 Rxa1 24. Rxa1 Qxb2 25. Ra8+ Kh7 26. h4 Qd4 27. Qxd4 Rxd4 28. Ne2 Rd5 29. Kf2 Bh5 30. Nc1 Bd1 31. c4 Rd7 32. Ra7 Kg6 33. Ra2 Kf5 34. Rd2 Bh5 35. Ke3 Kg4 36. d4 Bg6 37. h5 Kxh5 38. Kf3 Bh7 39. g4+ Kg6 40. Nd3 f6 41. Nc5 Re7 42. Ne4 f5 43. Nd6 Kf6 44. Ra2 fxg4+ 45. Kxg4 Rd7 46. c5 Bd3 47. Ra8 Be2+ 48. Kg3 Bd3 49. Rb8 Ba6 50. f5 exf5 51. Rf8+ Kg6 52. Rxf5 b6 53. b4 bxc5 54. bxc5 Bc4 55. Kf4 Bd5 56. Rf8 Re7 57. Kg4 Re6 58. Nf5 h5+ 59. Kf4 Re4+ 60. Kg3 Rg4+ 61. Kh3 Be6 62. Ne7+ Kh7 63. Kh2 Rxd4 64. Nxc6 Rc4 65. Nd8 Bg4 66. c6 h4 67. Nf7 Rc2+ 68. Kg1 h3 69. Rh8+ Kg6 70. Ne5+ Kf5 71. Nd3 Rxc6 72. Rf8+ Kg5 73. Nf2 Bf5 74. Kh2 Rc2 75. Kg3 Rc3+ 76. Kh2 Rf3 77. Nh1 Kf4 78. Rf7 g5 79. Rg7 Ra3 80. Rf7 Ra2+ 81. Kg1 g4 82. Rg7 h2+ 83. Kf1 Ra1+ 0-1

[Event "Mitropa Cup (Women)"]
[Site "Radenci"]
[Date "2019.06.03"]
[Round "8.4"]
[White "Froewis, Annika"]
[Black "Milcova, Zuzana"]
[Result "1/2-1/2"]
[WhiteElo "2089"]
[BlackElo "2093"]
[PlyCount "72"]
[EventDate "2019.05.27"]
[EventType "team-tourn"]
[EventRounds "9"]
[EventCountry "SLO"]
[SourceTitle "CBM 190 Extra"]
[Source "ChessBase"]
[SourceDate "2019.07.15"]
[SourceVersion "1"]
[SourceVersionDate "2019.07.15"]
[SourceQuality "1"]
[WhiteTeam "Austria (W)"]
[BlackTeam "Slovakia (W)"]
[WhiteTeamCountry "AUT"]
[BlackTeamCountry "SVK"]

1. e4 d5 2. exd5 Nf6 3. c4 c6 4. d4 cxd5 5. Nc3 e6 6. Nf3 Be7 7. Be2 0-0 8. 0-0 dxc4 9. Bxc4 Nc6 10. a3 a6 11. Ba2 b5 12. Qd3 Bb7 13. Rd1 Rc8 14. Ng5 Bd6 15. d5 Ne5 16. Qh3 Rxc3 17. Qxc3 exd5 18. Bf4 Qb8 19. Bg3 h6 20. Nf3 Ne4 21. Qb3 Ng4 22. Bxd6 Qxd6 23. Qb4 Qxb4 24. axb4 Ngxf2 25. Rd4 Rd8 26. h3 g5 27. Re1 Kg7 28. Re2 g4 29. Nh4 gxh3 30. gxh3 Nxh3+ 31. Kh2 Nhg5 32. Rc2 Rd7 33. Kg1 Kf6 34. Kf1 Ke5 35. Rd3 Kf4 36. Ng2+ Ke5 1/2-1/2

[Event "Mitropa Cup (Women)"]
[Site "Radenci"]
[Date "2019.05.31"]
[Round "5.4"]
[White "Milcova, Zuzana"]
[Black "Spiranec, Noemi"]
[Result "1/2-1/2"]
[WhiteElo "2093"]
[BlackElo "2009"]
[PlyCount "99"]
[EventDate "2019.05.27"]
[EventType "team-tourn"]
[EventRounds "9"]
[EventCountry "SLO"]
[SourceTitle "CBM 190 Extra"]
[Source "ChessBase"]
[SourceDate "2019.07.15"]
[SourceVersion "1"]
[SourceVersionDate "2019.07.15"]
[SourceQuality "1"]
[WhiteTeam "Slovakia (W)"]
[BlackTeam "Croatia (W)"]
[WhiteTeamCountry "SVK"]
[BlackTeamCountry "CRO"]

1. e4 e5 2. Nf3 Nc6 3. d4 exd4 4. Nxd4 Nf6 5. Nxc6 bxc6 6. Nd2 d5 7. exd5 cxd5 8. Bb5+ Bd7 9. Qe2+ Be7 10. 0-0 0-0 11. Bxd7 Qxd7 12. b3 Rfe8 13. Qf3 Ne4 14. Nxe4 dxe4 15. Qe2 Bf6 16. Rb1 Rad8 17. Be3 Be5 18. Rbd1 Qe7 19. Rxd8 Rxd8 20. Rd1 Re8 21. Qg4 Bd6 22. Rd5 c6 23. Rd1 g6 24. g3 f5 25. Qe2 Qe6 26. Qc4 Qxc4 27. bxc4 Bb8 28. Rd7 a6 29. Bd4 Be5 30. c3 g5 31. Ra7 c5 32. Bxe5 Rxe5 33. Rxa6 f4 34. Rd6 e3 35. fxe3 fxg3 36. hxg3 Rxe3 37. Rd5 Rxg3+ 38. Kf2 Rxc3 39. Rxg5+ Kf7 40. Rxc5 Rc2+ 41. Ke3 Rxa2 42. Rb5 Ke6 43. Rh5 Kd6 44. Kd4 Rd2+ 45. Kc3 Rg2 46. Rxh7 Kc5 47. Rh5+ Kc6 48. Rf5 Rg1 49. Kb4 Rb1+ 50. Kc3 1/2-1/2

[Event "SVK-chT2C 1819"]
[Site "Slovakia"]
[Date "2018.11.18"]
[Round "4.3"]
[White "Milcova, Zuzana"]
[Black "Jelen, Peter"]
[Result "1-0"]
[WhiteElo "2092"]
[BlackElo "2112"]
[PlyCount "75"]
[EventDate "2018.10.13"]
[EventType "team-tourn"]
[EventRounds "11"]
[EventCountry "SVK"]
[SourceTitle "CBM 187 Extra"]
[Source "ChessBase"]
[SourceDate "2018.11.04"]
[SourceVersion "1"]
[SourceVersionDate "2018.11.04"]
[SourceQuality "1"]
[WhiteTeam "Bziny"]
[BlackTeam "Ondrasova Krivan"]
[WhiteTeamCountry "SVK"]
[BlackTeamCountry "SVK"]

1. e4 g6 2. d4 Bg7 3. Nf3 d6 4. h3 a6 5. Bd3 b5 6. 0-0 c5 7. c3 Nd7 8. a4 Rb8 9. Qe2 c4 10. Bc2 e5 11. Rd1 Qc7 12. b3 cxb3 13. Bxb3 Ngf6 14. Ba3 exd4 15. cxd4 0-0 16. e5 Re8 17. Qa2 b4 18. Bxf7+ Kf8 19. exf6 Nxf6 20. Bxe8 bxa3 21. Nxa3 Nxe8 22. Ng5 Nf6 23. Re1 d5 24. Qe2 Qd7 25. Rac1 Bh6 26. Qe5 Rb6 27. Rc7 Qf5 28. Qe7+ Kg8 29. Nf7 Bf8 30. Qd8 Qf4 31. Rxc8 Nd7 32. Qxd7 Qxf7 33. Qxf7+ Kxf7 34. Nc2 Bd6 35. g3 Kg7 36. Kg2 Rb2 37. Re6 Bf8 38. Rxa6 1-0

[Event "SVK-chT2C 1819"]
[Site "Slovakia"]
[Date "2018.11.17"]
[Round "3.3"]
[White "Hros, Roman"]
[Black "Milcova, Zuzana"]
[Result "1/2-1/2"]
[WhiteElo "2191"]
[BlackElo "2092"]
[PlyCount "50"]
[EventDate "2018.10.13"]
[EventType "team-tourn"]
[EventRounds "11"]
[EventCountry "SVK"]
[SourceTitle "CBM 187 Extra"]
[Source "ChessBase"]
[SourceDate "2018.11.04"]
[SourceVersion "1"]
[SourceVersionDate "2018.11.04"]
[SourceQuality "1"]
[WhiteTeam "Liptov Chess School III"]
[BlackTeam "Bziny"]
[WhiteTeamCountry "SVK"]
[BlackTeamCountry "SVK"]

1. c4 c6 2. Nf3 d5 3. g3 Nf6 4. Bg2 dxc4 5. a4 g6 6. Na3 Bg7 7. Nxc4 0-0 8. 0-0 Nbd7 9. a5 Nc5 10. d3 Be6 11. Qc2 Nd5 12. Bd2 Na6 13. Qb3 Qc8 14. Rfc1 Rd8 15. Ng5 Ndc7 16. Bc3 Nb5 17. Bf3 Rb8 18. Nxe6 Qxe6 19. Nd2 Qd7 20. Qc4 Nd4 21. Ra4 Nxf3+ 22. Nxf3 Qd5 23. Bxg7 Qxc4 24. Raxc4 Kxg7 25. b4 Rd5 1/2-1/2

[Event "SVK-chT2C 1819"]
[Site "Slovakia"]
[Date "2018.10.14"]
[Round "2.2"]
[White "Csolto, Robert"]
[Black "Milcova, Zuzana"]
[Result "1/2-1/2"]
[WhiteElo "2166"]
[BlackElo "2075"]
[PlyCount "25"]
[EventDate "2018.10.13"]
[EventType "team-tourn"]
[EventRounds "11"]
[EventCountry "SVK"]
[SourceTitle "CBM 187 Extra"]
[Source "ChessBase"]
[SourceDate "2018.11.04"]
[SourceVersion "1"]
[SourceVersionDate "2018.11.04"]
[SourceQuality "1"]
[WhiteTeam "Jelsava Magnezit"]
[BlackTeam "Bziny"]
[WhiteTeamCountry "SVK"]
[BlackTeamCountry "SVK"]

1. e4 d5 2. exd5 Nf6 3. Bb5+ Bd7 4. Be2 Nxd5 5. d4 Bf5 6. Nf3 e6 7. 0-0 Be7 8. a3 0-0 9. c4 Nf6 10. Nc3 Nbd7 11. Be3 a5 12. h3 Ne4 13. Nxe4 1/2-1/2

[Event "Banska Stiavnica V4 op"]
[Site "Banska Stiavnica"]
[Date "2018.07.12"]
[Round "6"]
[White "Milcova, Zuzana"]
[Black "Ruckschloss, Karol"]
[Result "1/2-1/2"]
[WhiteElo "2002"]
[BlackElo "2245"]
[PlyCount "73"]
[EventDate "2018.07.07"]
[EventType "swiss"]
[EventRounds "9"]
[EventCountry "SVK"]
[SourceTitle "CBM 185 Extra"]
[Source "ChessBase"]
[SourceDate "2018.07.29"]
[SourceVersion "1"]
[SourceVersionDate "2018.07.29"]
[SourceQuality "1"]

1. e4 e6 2. d4 d5 3. exd5 exd5 4. Nf3 Nf6 5. Bg5 Be7 6. Bd3 Bg4 7. h3 Bh5 8. 0-0 Nc6 9. c3 Ne4 10. Bxe7 Qxe7 11. Re1 0-0-0 12. Nbd2 Bg6 13. Bb5 Rd6 14. Bxc6 Rxc6 15. c4 Qd8 16. Ne5 Re6 17. Nxe4 dxe4 18. Nxg6 hxg6 19. d5 Re5 20. Qd4 Qg5 21. Rxe4 Rxe4 22. Qxe4 Qf6 23. Qe2 b6 24. Re1 Rh4 25. b3 Rf4 26. Qe8+ Kb7 27. Re2 g5 28. Qe5 Rxf2 29. Qxf6 Rxf6 30. Re5 Rg6 31. g4 a5 32. Kg2 Kc8 33. Kg3 Kd7 34. Rf5 f6 35. Rf3 Rh6 36. Re3 Rh8 37. Kf2 1/2-1/2

[Event "EU-ch (Women) 19th"]
[Site "Stary Smokovec"]
[Date "2018.04.10"]
[Round "3"]
[White "Milcova, Zuzana"]
[Black "Semenova, Elena"]
[Result "0-1"]
[WhiteElo "2033"]
[BlackElo "2221"]
[PlyCount "152"]
[EventDate "2018.04.08"]
[EventType "swiss"]
[EventRounds "11"]
[EventCountry "SVK"]
[SourceTitle "CBM 184 Extra"]
[Source "ChessBase"]
[SourceDate "2018.06.28"]
[SourceVersion "1"]
[SourceVersionDate "2018.06.28"]
[SourceQuality "1"]

1. e4 e5 2. Nf3 Nc6 3. d4 exd4 4. Nxd4 Nf6 5. Nxc6 bxc6 6. Nd2 d6 7. Bd3 g6 8. b3 Bg7 9. Bb2 0-0 10. 0-0 c5 11. Re1 Rb8 12. Nc4 Bb7 13. f3 Nh5 14. Bxg7 Kxg7 15. Qd2 Re8 16. Ne3 Kg8 17. Ng4 Bc8 18. Nh6+ Kf8 19. Rad1 Qe7 20. g4 Ng7 21. Bc4 Be6 22. Bd5 Qf6 23. e5 dxe5 24. Qe3 Bxd5 25. Qxc5+ Qe7 26. Rxd5 f6 27. Red1 Qxc5+ 28. Rxc5 Ne6 29. Rc6 Rb6 30. Rxb6 axb6 31. Rd7 Re7 32. Rxe7 Kxe7 33. Kf2 Kf8 34. h4 Kg7 35. g5 fxg5 36. hxg5 Nxg5 37. Ng4 Nf7 38. Ne3 Nd8 39. a4 Kf7 40. Nd5 Ne6 41. b4 Ke8 42. a5 bxa5 43. bxa5 Kd8 44. a6 Kc8 45. Ne7+ Kb8 46. Nc6+ Ka8 47. c3 Nc5 48. Ke3 Nd7 49. Ke4 h5 50. Ke3 g5 51. Kf2 h4 52. Kg2 Nc5 53. Nxe5 Ka7 54. f4 gxf4 55. Ng6 Ne6 56. Nxh4 Kxa6 57. Nf3 Kb5 58. Nd2 Ng5 59. Kf2 Ka4 60. Ke2 Ka3 61. Kd3 Kb2 62. Nf1 Kc1 63. Kd4 Kd1 64. Nh2 Kd2 65. c4 f3 66. Ng4 Nf7 67. Ke4 Ke2 68. Kd5 Nd8 69. Ke5 f2 70. Nh2 f1Q 71. Nxf1 Kxf1 72. c5 Ke2 73. Kf6 Kd3 74. Ke7 Kc4 75. c6 Kb5 76. Kd7 Kb6 0-1

[Event "EU-ch (Women) 19th"]
[Site "Stary Smokovec"]
[Date "2018.04.09"]
[Round "2"]
[White "Gvanceladze, Anna"]
[Black "Milcova, Zuzana"]
[Result "1-0"]
[WhiteElo "2302"]
[BlackElo "2033"]
[PlyCount "109"]
[EventDate "2018.04.08"]
[EventType "swiss"]
[EventRounds "11"]
[EventCountry "SVK"]
[SourceTitle "CBM 184 Extra"]
[Source "ChessBase"]
[SourceDate "2018.06.28"]
[SourceVersion "1"]
[SourceVersionDate "2018.06.28"]
[SourceQuality "1"]

1. e4 d5 2. exd5 Nf6 3. Nf3 Nxd5 4. d4 Bg4 5. Be2 e6 6. 0-0 c6 7. c4 Nf6 8. Nc3 Be7 9. Be3 0-0 10. h3 Bh5 11. Ne5 Bxe2 12. Qxe2 Nbd7 13. Rad1 Qc8 14. Rfe1 Bb4 15. Nd3 Bxc3 16. bxc3 Ne4 17. Rc1 f5 18. Bf4 g5 19. f3 gxf4 20. fxe4 Nf6 21. exf5 exf5 22. Qf3 Ne4 23. Nf2 Nxf2 24. Qxf2 Qc7 25. Re5 Rf7 26. Qxf4 Raf8 27. Rce1 Rg7 28. Rf1 Rgf7 29. Rf3 Kh8 30. Rg3 Qb6 31. Re6 Qc7 32. Qxc7 Rxc7 33. Kf2 f4 34. Rg4 f3 35. gxf3 Rcf7 36. Rg3 Rf5 37. c5 R5f7 38. Ke3 Rc7 39. f4 b6 40. cxb6 axb6 41. Ke4 b5 42. f5 Ra7 43. Rxc6 Rxa2 44. f6 Re2+ 45. Kd5 b4 46. cxb4 Rb2 47. Rb6 Rd8+ 48. Kc4 Rc8+ 49. Kb5 Rf2 50. d5 Rf5 51. Rd6 h5 52. f7 Kh7 53. Rd7 Kh6 54. Rg8 Rxf7 55. Rd6+ 1-0

[Event "SVK-chT2C 1718"]
[Site "Slovakia"]
[Date "2018.02.04"]
[Round "7.4"]
[White "Milcova, Zuzana"]
[Black "Palecek, Peter"]
[Result "1/2-1/2"]
[WhiteElo "2006"]
[BlackElo "2257"]
[PlyCount "49"]
[EventDate "2017.10.28"]
[EventType "team-tourn"]
[EventRounds "11"]
[EventCountry "SVK"]
[SourceTitle "EXT 2019"]
[Source "ChessBase"]
[SourceDate "2018.10.10"]
[SourceVersion "1"]
[SourceVersionDate "2018.10.10"]
[SourceQuality "1"]
[WhiteTeam "Bziny"]
[BlackTeam "Liptov Chess School III"]
[WhiteTeamCountry "SVK"]
[BlackTeamCountry "SVK"]

1. e4 e5 2. Nf3 Nc6 3. d4 exd4 4. Nxd4 Bc5 5. Be3 Qf6 6. c3 Nge7 7. Be2 0-0 8. 0-0 d5 9. Nxc6 Qxc6 10. Bxc5 Qxc5 11. Nd2 Be6 12. Nb3 Qb6 13. Qd4 Nc6 14. Qxb6 axb6 15. exd5 Bxd5 16. Rfd1 Be6 17. Nd4 Bxa2 18. Nb5 Bb3 19. Re1 Rac8 20. Bf3 g6 21. h3 Rfd8 22. Na7 Ra8 23. Nxc6 bxc6 24. Rxa8 Rxa8 25. Bxc6 1/2-1/2

[Event "Mitropa Cup (Women)"]
[Site "Balatonszarszo"]
[Date "2017.09.19"]
[Round "3.3"]
[White "Milcova, Zuzana"]
[Black "Kubicka, Anna"]
[Result "0-1"]
[WhiteElo "1991"]
[BlackElo "2221"]
[PlyCount "80"]
[EventDate "2017.09.17"]
[EventType "team-tourn"]
[EventRounds "9"]
[EventCountry "HUN"]
[SourceTitle "CBM 180 Extra"]
[Source "ChessBase"]
[SourceDate "2017.10.06"]
[SourceVersion "1"]
[SourceVersionDate "2017.10.06"]
[SourceQuality "1"]
[WhiteTeam "Slovakia (W)"]
[BlackTeam "Poland (W)"]
[WhiteTeamCountry "SVK"]
[BlackTeamCountry "POL"]

1. d4 Nf6 2. c4 c5 3. d5 b5 4. cxb5 a6 5. bxa6 Bxa6 6. Nc3 d6 7. g3 g6 8. Bg2 Bg7 9. Nf3 0-0 10. 0-0 Nbd7 11. Re1 Qa5 12. e4 Ng4 13. Bf4 Rfb8 14. Qc2 Nge5 15. Nxe5 Nxe5 16. Bxe5 Bxe5 17. Rec1 Rb6 18. Bf1 Bxf1 19. Kxf1 Qb4 20. b3 Bxc3 21. Qxc3 Qxe4 22. Kg1 Qxd5 23. Re1 e6 24. Rad1 Qc6 25. Rd2 Rba6 26. a4 Rb6 27. Re3 Rab8 28. Qf6 Qb7 29. Rf3 d5 30. Rdd3 Qc7 31. Rde3 d4 32. Re4 Rxb3 33. Rff4 R3b6 34. Rh4 Qd8 35. Qf4 f5 36. Qh6 R8b7 37. Re2 Qd5 38. Qd2 Rb1+ 39. Re1 Rxe1+ 40. Qxe1 d3 0-1

[Event "Mitropa Cup (Women)"]
[Site "Balatonszarszo"]
[Date "2017.09.18"]
[Round "2.3"]
[White "Schneider, Jana"]
[Black "Milcova, Zuzana"]
[Result "1-0"]
[WhiteElo "2231"]
[BlackElo "1991"]
[PlyCount "139"]
[EventDate "2017.09.17"]
[EventType "team-tourn"]
[EventRounds "9"]
[EventCountry "HUN"]
[SourceTitle "CBM 180 Extra"]
[Source "ChessBase"]
[SourceDate "2017.10.06"]
[SourceVersion "1"]
[SourceVersionDate "2017.10.06"]
[SourceQuality "1"]
[WhiteTeam "Germany (W)"]
[BlackTeam "Slovakia (W)"]
[WhiteTeamCountry "GER"]
[BlackTeamCountry "SVK"]

1. e4 c6 2. Nc3 d5 3. Nf3 Bg4 4. h3 Bxf3 5. Qxf3 e6 6. a3 Nf6 7. d3 Nbd7 8. g3 Bc5 9. Bg2 0-0 10. 0-0 Qc7 11. Kh1 dxe4 12. Nxe4 Nxe4 13. Qxe4 e5 14. Qe2 Rae8 15. Bd2 f5 16. Rae1 Bd6 17. Qh5 Qc8 18. b4 Nf6 19. Qd1 Qd7 20. c4 c5 21. Bc3 b6 22. b5 Re7 23. Bc6 Qc8 24. f4 exf4 25. Rxe7 Bxe7 26. gxf4 Qd8 27. Qe2 Kh8 28. Re1 Bd6 29. Qf3 Ne8 30. Qh5 Nc7 31. Rg1 Ne6 32. Qh6 Qe7 33. Qxe6 Qxe6 34. Bxg7+ Kg8 35. Bd5 Re8 36. Be5+ Kf8 37. Bxe6 Rxe6 38. Bxd6+ Rxd6 39. Rg3 Re6 40. Kg2 Kf7 41. Kf2 Re8 42. Re3 Rd8 43. Ke2 Rd4 44. Rf3 Rd8 45. Rg3 Re8+ 46. Kd2 Rd8 47. Rg1 Rd4 48. Ke3 Rd8 49. a4 Re8+ 50. Kd2 a5 51. Re1 Rg8 52. Re5 Kf6 53. d4 cxd4 54. Kd3 Rg3+ 55. Kxd4 Rxh3 56. c5 bxc5+ 57. Kxc5 Rf3 58. Re1 Rxf4 59. Rb1 Rxa4 60. b6 Re4 61. b7 Re8 62. b8Q Rxb8 63. Rxb8 h5 64. Kd4 Kg5 65. Ke3 Kg4 66. Rg8+ Kh3 67. Kf3 h4 68. Rf8 Kh2 69. Rxf5 h3 70. Rh5 1-0

[Event "Banska Stiavnica V4 op"]
[Site "Banska Stiavnica"]
[Date "2017.07.12"]
[Round "5"]
[White "Sikora, Jan"]
[Black "Milcova, Zuzana"]
[Result "1/2-1/2"]
[WhiteElo "2218"]
[BlackElo "2030"]
[PlyCount "42"]
[EventDate "2017.07.08"]
[EventType "swiss"]
[EventRounds "9"]
[EventCountry "SVK"]
[SourceTitle "CBM 179 Extra"]
[Source "ChessBase"]
[SourceDate "2017.08.23"]
[SourceVersion "1"]
[SourceVersionDate "2017.08.23"]
[SourceQuality "1"]

1. e4 d5 2. exd5 Nf6 3. Bb5+ Bd7 4. Be2 Nxd5 5. d4 Bf5 6. Nf3 e6 7. 0-0 Be7 8. a3 c6 9. c4 Nf6 10. Nc3 0-0 11. Nh4 Ne4 12. Nxf5 exf5 13. Qd3 Re8 14. Bf3 Bd6 15. Re1 Bxh2+ 16. Kf1 Nd7 17. Bxe4 fxe4 18. Rxe4 Rxe4 19. Qxe4 Nf6 20. Qh4 Bd6 21. Bg5 Be7 1/2-1/2